01707nam a2200361 i 4500999001500000001001900015003000400034005001700038008004100055015001600096017004400112020001800156040002800174041001300202043003000215080006200245080006200307100002100369245017800390264006300568300005500631500005500686505019200741546003400933610004300967650007501010650007501085710005401160908000701214940000701221942001301228952010401241 c7823d7823991060982776206706OSt20231205111551.0230524e202302 spc|||| |||| 0|0 0dcat|  aLL20232bnc aDL B 6855-2023bBiblioteca de Catalunya a9788412616125 aES-BaBCbcaterdacCDMR0 acataspa ae-sp---be-spcba2catmarc a654.191x(460.23 Ba Hospitalet de Llobregat)x(091)22004 a654.195x(460.23 Ba Hospitalet de Llobregat)x(091)220041 aBerbel, Lluís,10aRàdio L'Hospitalet : la comunicació perduda :bl'emissora que l'Ajuntament va obrir fa 40 anys i va tancar fa una dècada, com si fos seva /cLluís Berbel ...[et al.] 1aL'Hospitalet :bFoment de la Informació Crítica,c2023 a144 pàgines :bil·lustracions en color ;c22 cm aInclou codis QR amb accés a contingut addicional aConté aportacions de: Lluís Berbel, Ildefonso Cabrera, Enrique Conde, Antoni Garcia Araus, Manolo Garrido, Carmen Juan, Fulgencio López, Álex Salmon, Marga Solé, Jesús A. Vila aText en català i castellà27aRadio L'HospitaletxHistòria.2lemac 7aRadioemissoreszCatalunyazHospitalet de LlobregatxHistòria.2lemac 7aRadiodifusiózCatalunyazHospitalet de LlobregatxHistòria.2lemac2 aAssociació Foment de la Informació Crítica. aBC aBC 2udccMON 00104070aCDMRbCDMRd2023-12-05eDonaciól0oEu /32pCDMR23120001r2023-12-05w2023-12-05yMON